000 00440cam a22001337a 4500
008 180718b1977 xxu||||| |||| 00| 0 eng d
082 _aF5x47 H555
100 _aHill, Ronald J.
245 _aSoviet political elites: the case of Tiraspol
_cby Ronald J. Hill
260 _aLondon
_bMartin Robertson
_c1977
300 _a226p.
650 _aTiraspol (Moldova) --Politics and government
650 _aElite (Social sciences) --Moldova --Tiraspol
999 _c346228
_d346228